00525 am a2200157 a 450000500170000000800370001702000150005404100080006910000260007724500480010325000770015126000370022830000110026550000790027665500120035520240625105343.0100617s1986||||ag g01 s spaspa d a9501323013 aspa1 aBorges, Jorge Luís. aBorges. bCuentos / cJorge Luís Borges. a1a ed.bSelección, estudio preliminar y notas de María Adela Renard. aBuenos Aires: bKapelusz;c1986. a199 p. aBorges, J. L. (1986). Borges. Cuentos. (1a ed.). Buenos Aires : Kapelusz.  aCuentos